[Event "IECC O-3393"]
[Site "IECC email"]
[Date "2011.12.15"]
[Round "?"]
[White "Rudeseal, Blake"]
[Black "Kellaway, Ted"]
[Result "1-0"]
[WhiteElo "1024"]
[BlackElo "1117"]
[PlyCount "113"]
[EventDate "2011.??.??"]
[EventType "swiss (corr)"]
[EventRounds "2"]
[SourceTitle "Telechess CBM 165"]
[Source "ChessBase"]
[SourceDate "2015.03.11"]
[SourceVersion "1"]
[SourceVersionDate "2015.03.11"]
[SourceQuality "1"]
[WhiteTeam "US of America"]
[BlackTeam "South Africa"]
[WhiteTeamCountry "USA"]
[BlackTeamCountry "RSA"]

1. e4 e5 2. Nf3 Nc6 3. Bb5 a6 4. Ba4 h6 5. c3 Nf6 6. d4 Bd6 7. Bxc6 dxc6 8. dxe5 Nxe4 9. exd6 cxd6 10. Qe2 d5 11. Ne5 Qf6 12. f4 Bf5 13. Nd2 Qh4+ 14. g3 Qf6 15. 0-0 h5 16. Nxe4 Bxe4 17. Bd2 0-0-0 18. Rac1 Qe6 19. c4 Kb8 20. cxd5 cxd5 21. f5 Qe7 22. Bf4 Ka8 23. h4 Bxf5 24. Bg5 f6 25. Rxf5 fxg5 26. Rf7 Qb4 27. Rxg7 Qd4+ 28. Kg2 Rde8 29. Rxg5 Qe4+ 30. Qxe4 dxe4 31. b4 Rd8 32. a4 Rd2+ 33. Kf1 e3 34. Ke1 Ra2 35. Nc4 Ka7 36. a5 e2 37. b5 axb5 38. Rxb5 Rf8 39. Nd2 Rd8 40. Ne4 Rf8 41. Nf2 Rf3 42. Rcb1 Ka6 43. R1b3 Rxg3 44. Rxg3 Kxb5 45. Rg5+ Kc6 46. Rxh5 b5 47. Rh6+ Kd5 48. a6 b4 49. h5 Kc5 50. a7 Rxa7 51. Kxe2 b3 52. Nd3+ Kb5 53. Rg6 Ra2+ 54. Kd1 Kc4 55. Rg3 Rh2 56. Ne5+ Kd4 57. Nf3+ 1-0